Una vida con propósito diario de oración / (Record no. 110430)

MARC details
000 -LEADER
campo de control de longitud fija 01193cam a2200349Ia 4500
001 - NÚMERO DE CONTROL
campo de control 50367
005 - FECHA Y HORA DE LA ÚLTIMA TRANSACCIÓN
campo de control 20230411090002.0
008 - DATOS DE LONGITUD FIJA--INFORMACIÓN GENERAL
campo de control de longitud fija 041203s2003 flua b 000 0 eng d
035 ## - NÚMERO DE CONTROL DEL SISTEMA
Número de control de sistema (OCoLC)ocm57141865
040 ## - FUENTE DE CATALOGACIÓN
Centro catalogador/agencia de origen PNX
Centro/agencia transcriptor PNX
Centro/agencia modificador OCLCQ
-- BAKER
-- YDXCP
020 ## - NÚMERO INTERNACIONAL ESTÁNDAR DEL LIBRO
Número Internacional Estándar del Libro 0829738711
020 ## - NÚMERO INTERNACIONAL ESTÁNDAR DEL LIBRO
Número Internacional Estándar del Libro 9780829738711
035 ## - NÚMERO DE CONTROL DEL SISTEMA
Número de control de sistema (OCoLC)57141865
041 1# - CÓDIGO DE IDIOMA
Código de lengua del texto/banda sonora o título independiente spa
Código de lengua original eng
082 #4 - NÚMERO DE LA CLASIFICACIÓN DECIMAL DEWEY
Número de clasificación 248.4
049 ## - FONDOS LOCALES (OCLC)
Biblioteca depositaria GRAL
100 1# - ENTRADA PRINCIPAL--NOMBRE DE PERSONA
Nombre de persona Warren, Rick.
240 10 - TÍTULO UNIFORME
Título uniforme Purpose-driven life prayer journal.
Lenguaje de la obra Spanish
245 14 - MENCIÓN DEL TÍTULO
Título Una vida con propósito diario de oración /
Mención de responsabilidad, etc. Rick Warren ; [traducción, Marcela Robaina].
246 1# - FORMA VARIANTE DEL TITULO
Texto de visualización Subtitle on cover:
Título propio/Titulo breve Diario devocional y cuaderno de notas
260 ## - PUBLICACIÓN, DISTRIBUCIÓN, ETC.
Lugar de publicación, distribución, etc. Miami, FL :
Nombre del editor, distribuidor, etc. Editorial Vida,
Fecha de publicación, distribución, etc. c2003.
300 ## - DESCRIPCIÓN FÍSICA
Extensión 1 v. (unpaged) :
Otras características físicas ill. ;
Dimensiones 24 cm.
500 ## - NOTA GENERAL
Nota general "Cuaderno de notas : Una vida con propósito."
504 ## - NOTA DE BIBLIOGRAFÍA, ETC.
Nota de bibliografía, etc. Includes bibliographical references.
500 ## - NOTA GENERAL
Nota general Translation of: The purpose-driven life prayer journal.
650 #0 - PUNTO DE ACCESO ADICIONAL DE MATERIA--TÉRMINO DE MATERIA
Término de materia o nombre geográfico como elemento de entrada Christian life.
936 ## - OCLC/CONSER DATOS MISCELÁNEOS (OCLC); PIEZA UTILIZADA PARA CATALOGACIÓN (pre-RCAA2) (RLIN)
Numero(s) de control OCLC de registros paralelo(s) (OCLC); Pieza utilizada para catalogación, PUC (RLIN) JAH
938 ## -
-- Baker & Taylor
-- BKTY
-- 9.99
-- 7.49
-- 0829738711
-- 0006057118
-- active
938 ## -
-- YBP Library Services
-- YANK
-- 2640630
942 ## - ELEMENTOS DE ENTRADA SECUNDARIOS (KOHA)
Fuente del sistema de clasificación o colocación Clasificación de Library of Congress
Tipo de ítem Koha
994 ## -
-- C0
-- DRFGD
Holdings
Estatus retirado Estado de pérdida Fuente del sistema de clasificación o colocación Estado de daño No para préstamo Colección Biblioteca de origen Biblioteca actual Ubicación en estantería Fecha de adquisición Código de barras Visto por última vez Copia número Tipo de ítem Koha
    Clasificación de Library of Congress     Automatización y Procesos Técnicos Biblioteca Juan Bosch Biblioteca Juan Bosch Automatización y Procesos Técnicos (1er. Piso) 11/04/2023 00000052021 17/02/2019 1